| Tag |
First Indicator |
Second Indicator |
Subfields |
| LEADER |
00000cam a2200000 4500 |
| 001 |
in00000037916 |
| 005 |
20151007080717.0 |
| 008 |
750718s1913 eng u |
| 035 |
|
|
|a (OCoLC)01458411
|
| 035 |
|
|
|9 AAF5253AM
|
| 040 |
|
|
|c TOL
|d TXA
|d UtOrBLW
|
| 049 |
|
|
|a TXAM
|c [7763]
|
| 090 |
|
|
|a DS140
|b .R8 1913
|
| 092 |
|
|
|a 296
|b R94
|
| 100 |
1 |
|
|a Ruppin, Arthur,
|d 1876-1943.
|
| 245 |
1 |
4 |
|a The Jews of to-day /
|c by Dr. Arthur Ruppin; tr. from the German, by Margery Bentwich, with an introduction by Joseph Jacobs.
|
| 264 |
|
1 |
|a New York :
|b Holt,
|c 1913.
|
| 300 |
|
|
|a xxii, 310 pages :
|b tables. ;
|c 20 cm.
|
| 336 |
|
|
|a text
|b txt
|2 rdacontent
|
| 337 |
|
|
|a unmediated
|b n
|2 rdamedia
|
| 338 |
|
|
|a volume
|b nc
|2 rdacarrier
|
| 650 |
2 |
0 |
|a Jews.
|
| 650 |
2 |
0 |
|a Jews
|x Politics and government.
|
| 700 |
1 |
|
|a Bentwich, Margery.
|
| 999 |
|
|
|a MARS
|
| 999 |
f |
f |
|s 5aedd74b-641a-36b7-a883-e5b1b6837500
|i dab22099-256b-3dae-b12b-8352bcf8d0ae
|t 0
|
| 952 |
f |
f |
|p ric
|a Texas A&M University
|b Rellis Campus
|c Joint Library Facility
|d Remote Storage
|t 0
|e DS140 .R8 1913
|h Library of Congress classification
|i unmediated -- volume
|m A14800630187
|
| 998 |
f |
f |
|a DS140 .R8 1913
|t 0
|l Remote Storage
|